Teen Wolf Characters - Statistics

General Stats
  • This quiz has been taken 32 times
  • The average score is 17 of 37
Answer Stats
Hint Answer % Correct
Scott McCall Tyler Posey
100%
Stiles Stilinski Dylan O'Brien
96%
Allison Argent Crystal Reed
92%
Lydia Martin Holland Roden
80%
Derek Hale Tyler Hoechlin
76%
Jackson Whittemore Colton Haynes
68%
Liam Dunbar Dylan Sprayberry
68%
Melissa McCall Melissa Ponzio
68%
Peter Hale Ian Bohen
64%
Chris Argent JR Bourne
64%
Ethan Charlie Carver
60%
Theo Raeken Cody Christian
60%
Aiden Max Carver
56%
Kira Yukimura Arden Cho
48%
Isaac Lahey Daniel Sharman
48%
Coach Bobby Finstock Orny Adams
44%
Malia Tate Shelley Hennig
44%
Kate Argent Jill Wagner
40%
Sheriff Stilinksi Linden Ashby
40%
Erica Reyes Gage Golightly
36%
Jordan Parrish Ryan Kelly
36%
Dr Alan Deaton Seth Gilliam
36%
Deucalion Gideon Emery
32%
Cora Hale Adelaide Kane
28%
Marin Morrell Bianca Lawson
28%
Brett Talbot Cody Saintgnue
28%
Mason Hewitt Khylin Rhambo
28%
Gerard Argent Michael Hogan
28%
Hayden Romero Victoria Moroles
28%
Danny Mahealani Keahu Kahuanui
24%
Rafael McCall Matthew Del Negro
24%
Braeden Meagan Tandy
24%
Corey Bryant Michael Johnston
24%
Boyd Sinqua Walls
24%
Natalie Martin Susan Walters
24%
Tracy Stewart Kelsey Asbille
20%
Meredith Walker Maya Eshet
20%
No matching quizzes found
Score Distribution
Percent of People with Each Score
Percentile by Number Answered
Your Score History
You have not taken this quiz